000 00238nam a22000977a 4500
999 _c516792
_d516792
082 _aTNC
100 _aNegi, J.M.S.
_923505
245 _aTourism & hoteliering
_cby J.M.S. Negi
260 _aNew Delhi
_bGitanjali Pub.
_c1982
300 _a439p.